00879nam a2200217 a 4500001000900000005001700009008004100026020001500067040001800082050002100100245010300121260008500224300004800309500003400357504003100391600004600422610008200468650003200550650005100582700002800633BRCA_61220190320203101.0980330s1998 txua---##b---#001-0#eng-# a0691059624 aDLCcDLCdDLC 4aNK805b.A44 199810aAmerican decorative arts and paintings in the Bayou Bend CollectioncDavid B. Warren ... [et al.]. a[Houston, Tex.]bMuseum of Fine Arts, Houston : Princeton University Pressc1998 axxii, 468 p.bil. (algunas a color)c32 cm. aIncluye índice alfabético aBibliografía: p. 429-45114aHogg, Imad1882-1975xColecciones de arte24aBayou Bend. Museum of Fine ArtsxColeccioneszHouston, Texas (Estados Unidos)14aArte americanoxCatálogos14aArtes decorativasxCatálogoszEstados Unidos1 aWarren, David B.d1937-